000 00842 am a2200289Ia 4500
001 ocm38739360
003 EG-ScBUE
005 20251201101614.0
008 980318s1997 nyu f 000 1 eng d
020 _a1573226521 (pbk.) :
020 _a9781573226523
035 _a(OCoLC)ocm38739360
040 _aOCO
_beng
_erda
_cOCO
_dCSO
_dEG-ScBUE
043 _aas-----
082 _222
_a823.914
_bGAR
100 1 _aGarland, Alex,
_d1970-
_eauthor.
245 1 4 _aThe beach /
_cAlex Garland.
264 1 _aNew York :
_bRiverhead Books,
_c1997.
300 _a436 pages ;
_c21 cm
336 _2rdacontent
_atext
_btxt
337 _2rdamedia
_aunmediated
_bn
338 _2rdacarrier
_avolume
_bnc
650 7 _2BUEsh
_aBeaches
_zSoutheast Asia
_vFiction.
651 7 _2BUEsh
_aSoutheast Asia
_vFiction.
655 _vReading book
942 _2ddc
_cBB
999 _c31037
_d31008